000 00825nam a2200265Ia 4500
003 OSt
005 20221005074220.0
006 a|||||r|||| 00| 0
007 ta
008 221004b |||||||| |||| 00| 0 eng d
020 _a8187496304
_c125
024 _a83436
037 _b071, 30/03/2005, The Independent Publishers Group
_cTextual
040 _aCRL
_cCRL
_beng
041 _2eng
_aeng
082 _aV2:25xM83:g, P2
100 _aNoorani A. G.
245 0 _aSavarkar and Hindutva
_b The Godse connection
260 _aNew Delhi
_bLeft Word Books India
_c2002
300 _a168p.
_ccm.
650 _a INDIA - HISTORY
650 _aFREEDOM FIGHTER
_9608652
942 _hV2:25xM83:g, P2
_cTEXL
_2cc
999 _c982358
_d982358